00828nam a2200181 a 450000500170000000800410001702000180005805000170007610000160009324500380010926000320014730000140017999900190019395201070021295201070031995201100042695201100053620140414132033.0040128s19uu xx 00 eng d a0-590-03031-0 aTRbSN6 1962 aKeats, Ezra aThe snowy day /cEzra Jack Keats. aU.S.A :bScholastic,c1962. ap. ; cm. c113673d113673 001040aMUbMUcTRd2004-01-28eLib. Fundl0oTR SN6 1962pM5287r2014-04-14 00:00:00w2014-04-14yBK 001040aMUbMUcTRd2004-01-28eLib. Fundl0oTR SN6 1962pM5286r2014-04-14 00:00:00w2014-04-14yBK 00104050aMUbMUcTRd2004-12-23eLib. Fundl0oTR SN6 1962pM5285r2014-04-14 00:00:00w2014-04-14yBK 00104050aMUbMUcTRd2004-12-23eLib. Fundl0oTR SN6 1962pM5284r2014-04-14 00:00:00w2014-04-14yBK